000 01191nam a2200205Ia 4500
001 b5202-34500
003 IT-MiCISF
008 161014s9999||||xx |||||||||||||| ||und||
040 _aIT-MiCISF
_cIT-MiCISF
041 _ait
100 _aPisani Giulia
245 0 _aMa non si può nascere di nuovo?
_bRitratti e storie di minori che subiscono violenze in diversi paesi
250 _a1a ed.
260 _a Pasian di Prato (UD)
_bCampanotto
_c2001
300 _app. 141
500 _a / abuso-di-minore, abuso-sessuale, infanzia / Nel testo sono presentate le vicende bambini e adolescenti che hanno subito terribili esperienze di vita e di perversione, invece che di amore. Le singole storie sono tratte dalle notizie diffuse dai mezzi di informazione di vari Paesi del mondo. Lo scopo dell'A. è stato quello di raccogliere questi episodi affinché le sofferenze dell'infanzia non siano dimenticate, né si disperdano in labili emozioni. "Ma non si può nascere di nuovo?" è la domanda posta da una bambina brasiliana: si tratta di una domanda a cui è difficile dare una risposta.
650 _a Infanzia / maltrattamenti-violenza
_e008
942 _cBK
957 _71
999 _a34500
_bsi
_g1
_c211975
_d211975